| 000 | 00416nam a2200133Ia 4500 | ||
|---|---|---|---|
| 008 | 211119s9999||||xx |||||||||||||| ||und|| | ||
| 082 |
_a894.8123 _bRAM-A |
||
| 100 | _aT D Ramakrishnan, T D Ramakrishnan | ||
| 245 | 0 | _aAlpha | |
| 260 |
_bSimon & Schuster _aNew Delhi _c2003 |
||
| 300 | _a112p | ||
| 650 |
_aMalayalam Literature _vMalayalam FictionMalayalam NovelsShort StoriesGeneralia _xGeneral Stack |
||
| 942 | _cBOOK | ||
| 999 |
_c104962 _d104962 |
||